03192cam a2200445 i 4500952016300000952016300163952016300326952016300489999001700652001000900669003000400678005001700682008004100699010001700740020003100757035002000788040002800808042000800836050002400844060001100868082002200879100004700901245078300948246004701731246002701778250008301805264004401888300004601932336002101978337002501999338002302024500012102047504005102168520035002219650002202569700003402591700003302625906004502658942004302703 00102ddc40708PSYCHOLOGYaMESbMEScPSYCHOLOGYd2022-09-26e53g730.00l0o616.89 SAD/Kp41574r2022-09-26 00:00:00tVol 4v730.00w2022-09-26yREFzGL45R3 00102ddc40708PSYCHOLOGYaMESbMEScPSYCHOLOGYd2022-09-26e53g730.00l0o616.89 SAD/Kp41573r2022-09-26 00:00:00tVol 3v730.00w2022-09-26yREFzGL45R3 00102ddc40708PSYCHOLOGYaMESbMEScPSYCHOLOGYd2022-09-26e53g730.00l0o616.89 SAD/Kp41572r2022-09-26 00:00:00tVol 2v730.00w2022-09-26yREFzGL45R3 00102ddc40708PSYCHOLOGYaMESbMEScPSYCHOLOGYd2022-09-26e53g730.00l0o616.89 SAD/Kp41571r2022-09-26 00:00:00tVol 1v730.00w2022-09-26yREFzGL45R3 c41531d4153118174294OSt20220919143831.0140602s2015 paua b 001 0 eng  a 2014021574 a9781609139711 (alk. paper) a(DNLM)101633736 aDNLM/DLCcDLCerdadDLC apcc00aRC437.5b.S244 201510aWM 14000a616.89223bSAD/K1 aSadock, Benjamin J.,d1933-eauthor.9910610aKaplan & Sadock's synopsis of psychiatry :bbehavioral sciences/clinical psychiatry /cBenjamin James Sadock, M.D., Menas S. Gregory Professor of Psychiatry, Department of Psychiatry, New York University School of Medicine; Attending Psychiatrist, Tisch Hospital; Attending Psychiatrist, Bellevue Hospital Center, New York, New York ; Virginia Alcott Sadock, M.D., Professor of Psychiatry, Department of Psychiatry, New York University School of Medicine; Attending Psychiatrist, Tisch Hospital; Attending Psychiatrist, Bellevue Hospital Center, New York, New York ; Pedro Ruiz, M.D., Professor of Psychiatry, Executive Vice-Chair and Director of Clinical Programs, Department of Psychiatry and Behavioral Sciences, University of Miami Miller School of Medicine, Miami, Florida.1 aKaplan and Sadock's synopsis of psychiatry1 aSynopsis of psychiatry aEleventh edition /bBenjamin James Sadock, Virginia Alcott Sadock, Pedro Ruiz. 1aPhiladelphia :bWolters Kluwer,c[2015] axvi, 1472 pages:billustrations ;c27 cm. atext2rdacontent aunmediated2rdamedia avolume2rdacarrier aPreceded by Kaplan & Sadock's synopsis of psychiatry / Benjamin James Sadock, Virginia Alcott Sadock. 10th ed. 2007. aIncludes bibliographical references and index. a"The goal of this book is to foster professional competence and ensure the highest quality care to those with mental illness. An eclectic, multidisciplinary approach has been its hallmark; thus, biological, psychological, and sociological factors are equitably presented as they affect the person in health and disease"--cProvided by publisher.12aMental Disorders.1 aSadock, Virginia A.,eauthor.1 aRuiz, Pedro,d1936-eauthor. a7bcbccorignewd1eecipf20gy-gencatlg 2ddccREFh616.89iSAD/Kk616.89mSAD/K